<?xml version="1.0" encoding="UTF-8"?>
<record
    xmlns:xsi="http://www.w3.org/2001/XMLSchema-instance"
    xsi:schemaLocation="http://www.loc.gov/MARC21/slim http://www.loc.gov/standards/marcxml/schema/MARC21slim.xsd"
    xmlns="http://www.loc.gov/MARC21/slim">

  <leader>00507nam a22001457a 4500</leader>
  <controlfield tag="008">150519b        xxu||||| |||| 00| 0 eng d</controlfield>
  <datafield tag="020" ind1=" " ind2=" ">
    <subfield code="a">9966467126</subfield>
  </datafield>
  <datafield tag="050" ind1=" " ind2=" ">
    <subfield code="a">PL 8703 .N33 1991</subfield>
  </datafield>
  <datafield tag="100" ind1=" " ind2=" ">
    <subfield code="a">Ndalu, Ahmed &amp; Ikambili, Henrietta</subfield>
    <subfield code="d">1991</subfield>
  </datafield>
  <datafield tag="245" ind1=" " ind2=" ">
    <subfield code="a">Kamusi ya Vitendawili na Mafunzo.</subfield>
    <subfield code="c">Ahmed Ndalu &amp; Henritta M. Ikambili</subfield>
  </datafield>
  <datafield tag="260" ind1=" " ind2=" ">
    <subfield code="a">Nairobi</subfield>
    <subfield code="b">Heinemann</subfield>
    <subfield code="c">1991</subfield>
  </datafield>
  <datafield tag="300" ind1=" " ind2=" ">
    <subfield code="a">111p.</subfield>
  </datafield>
  <datafield tag="440" ind1=" " ind2=" ">
    <subfield code="a">Kamusi ya Vitendawili na Mafunzo.</subfield>
  </datafield>
  <datafield tag="942" ind1=" " ind2=" ">
    <subfield code="2">lcc</subfield>
    <subfield code="c">BOOKS</subfield>
    <subfield code="h">PL 8703 .N33 1991</subfield>
    <subfield code="k">PL</subfield>
    <subfield code="m"> 8703 .N33 1991</subfield>
    <subfield code="0">1</subfield>
  </datafield>
  <datafield tag="999" ind1=" " ind2=" ">
    <subfield code="c">825</subfield>
    <subfield code="d">825</subfield>
  </datafield>
  <datafield tag="952" ind1=" " ind2=" ">
    <subfield code="0">0</subfield>
    <subfield code="1">0</subfield>
    <subfield code="2">lcc</subfield>
    <subfield code="4">0</subfield>
    <subfield code="7">0</subfield>
    <subfield code="a">MUC</subfield>
    <subfield code="b">MUC</subfield>
    <subfield code="d">2015-05-19</subfield>
    <subfield code="l">1</subfield>
    <subfield code="o">PL 8703 .N33 1991</subfield>
    <subfield code="p">2829</subfield>
    <subfield code="r">2019-02-04</subfield>
    <subfield code="s">2019-02-02</subfield>
    <subfield code="w">2015-05-19</subfield>
    <subfield code="y">BOOKS</subfield>
  </datafield>
</record>
